| 000 | 00469nam a22001817a 4500 | ||
|---|---|---|---|
| 003 | MPLRDC | ||
| 005 | 20220104114222.0 | ||
| 008 | 210129b ||||| |||| 00| 0 eng d | ||
| 020 | _a962-343-029-9 | ||
| 082 | _a617 WYZ | ||
| 100 | _a王耀宗、郭少棠 | ||
| 245 |
_a神州四十年: 怎变成这样的国家 _c |
||
| 250 | _a初版 | ||
| 260 |
_a _b百姓文化事业有限公司 _c1990 |
||
| 300 | _b平 | ||
| 650 | _a中国史地杂论 | ||
| 942 |
_cBK _o617 WYZ |
||
| 999 |
_c5756 _d5746 |
||